000 00597cam a2200217 4500500
005 20260329004418.0
041 _afre
042 _adc
100 1 0 _aNathan, Tobie
_eauthor
245 0 0 _aZao. Le stade du masque
260 _c2019.
500 _a77
690 _aDeepfake
690 _aIdentité
690 _aLacan
690 _aMasque
690 _aTobie Nathan
690 _aZao
786 0 _nPhilosophie magazine | 134 | 11 | 2019-11-01 | p. 11-11 | 1951-1787
856 4 1 _uhttps://shs.cairn.info/magazine-philosophie-magazine-2019-11-page-11?lang=fr&redirect-ssocas=7080
999 _c1833600
_d1833600